Meilleurs sons de Naps - Statistiques

Statistiques générales
  • Ce quiz a été pris 810 fois
    582 depuis la dernière actualisation
  • Le résultat moyen est 6 sur 15
Statistiques - réponses
Rang Titres Streams % Correct
2 La kiffance 234,7M
90%
5 6.3 (ft. Ninho) 123,4M
64%
15 Pochon bleu (ft. 13ème Art, Graya, Kalif, Raisse, YL) 43,9M
64%
1 Bande organisée (ft. Kofs, Soso Maness, Elams, Jul, SCH, Solda, Houari) 278,0M
63%
4 Best Life (ft. GIMS) 129,1M
61%
9 C'est carré le S (ft. Gazo, Ninho) 78,3M
43%
8 En détente 80,2M
40%
14 Favela (ft. Soolking) 54,7M
34%
10 La danse des bandits (ft. SCH) 73,6M
32%
3 TOUT VA BIEN (ft. Alonzo, Ninho) 141,0M
27%
13 Vamos (ft. Gazo) 56,9M
27%
7 Doudou (ft. Koba LaD) 85,6M
26%
6 La Seleçao (ft. Alonzo, Jul) 101,5M
21%
11 Le classico organisé (ft. Koba LaD, PLK, SCH, Gazo, Jul, Guy2bezbar, Kofs, Soso Maness) 70,7M
14%
12 Coeur de pirate (ft. Elams, Naza, Tayc, Jul, Vegedream, Lynda, SAF, THABITI) 63,9M
4%
Aucun quiz correspondant
Distribution des résultats
% des personnes avec chaque résultat
Percentile par nombre de réponses
Votre historique - résultats
Vous n’avez pas pris ce quiz depuis la dernière actualisation